College Logos #1 - Statistics

General Stats
  • This quiz has been taken 43 times
  • The average score is 20 of 24
Answer Stats
Picture Answer % Correct
Texas Tech
100%
Alabama
95%
Arkansas
95%
Colorado
95%
Indiana
95%
Oklahoma
95%
Arizona State
92%
Boise State
92%
Minnesota
92%
San Diego State
90%
Villanova
90%
Wake Forest
90%
Bowling Green
87%
Connecticut
87%
Gonzaga
85%
Marshall
82%
Tulane
82%
Georgetown
79%
South Florida
77%
Florida State
74%
Eastern Washington
72%
Cincinatti
69%
Northern Arizona
51%
Montana State
8%
No matching quizzes found
Score Distribution
Percent of People with Each Score
Percentile by Number Answered
Your Score History
You have not taken this quiz